[Event "North Wales Congress Major"]
[Site "Llandudno"]
[Date "2019.06.21"]
[Round "1.21"]
[White "Barber, Andrew"]
[Black "Roberts, Malcolm A"]
[Result "1-0"]
[WhiteElo "1860"]
[BlackElo "1616"]
[Annotator "kemen"]
[PlyCount "95"]
[EventDate "2019.??.??"]

{[%evp 0,95,19,-12,-27,-45,-60,-44,21,28,56,42,14,10,62,24,19,20,34,21,63,51,
78,52,62,64,88,93,89,112,109,85,108,124,143,127,135,134,145,143,163,105,112,
112,113,102,118,111,118,128,119,118,113,113,110,101,114,93,111,113,141,143,141,
141,217,157,227,241,313,154,158,161,166,177,225,131,129,127,139,151,267,284,
267,269,685,210,232,210,202,201,209,211,224,335,304,307,326,362]} 1. c4 e5 2.
g3 Nf6 3. Bg2 c6 4. d4 exd4 5. Qxd4 Be7 (5... d5) (5... Na6) 6. Nc3 d6 7. e4
O-O 8. Nge2 Nbd7 9. O-O Ne5 10. b3 Bh3 (10... Ng6) 11. f3 Bxg2 12. Kxg2 c5 {
weakens d5 square & consents to d6 permanently backward.Bl has little chance
of masking this by getting a N to d4.} (12... h6 13. Bb2 Qc7 14. f4 c5 15. Qd2
Ned7 16. h3 Rfe8 17. g4 Qc6 18. Ng3 Bf8 19. Rfe1 Rad8 20. Re3 Nb6 21. Kh2 Qd7
22. Qe2 Nh7 23. Rd1 $18 {Foisor,Tomljanovic, CRO ch tm , Medulin 1997,1-0}) (
12... Qc7 13. Bb2 Rfe8 $14 {Komodo13}) 13. Qe3 $16 Qd7 14. Bb2 a6 15. a4 Rfd8
16. Nf4 $18 Qc6 17. Rfe1 Re8 18. Ncd5 Nxd5 19. Nxd5 Bf8 20. Bxe5 {Wh's N is
far superior to the B ( with possibilities of a K side attack), but all the
heavy pieces might exchange on the d file before that if Wh is incautious} (20.
f4) (20. h4) 20... dxe5 21. a5 Rad8 22. Red1 Rd6 23. Qg5 Rg6 24. Qf5 {Wh can
keep on probing to see if Bl will create a weakness} Rd6 25. Rd3 g6 26. Qg5 h6
27. Qg4 Bg7 {Wh can now bring up an h pawn} 28. Rad1 Rde6 {abandoning the d
file} (28... Bf8 $5) 29. Nb6 h5 30. Qg5 $18 Kh7 31. Rd7 f6 {helping the Wh R
on the 7th} (31... Kg8) 32. Qd2 g5 33. Qd5 Rb8 34. Rd6 (34. Na4 {forces a Q
swap & the c5 pawn will still be vulnerable.}) 34... Rxd6 35. Qxd6 Qxd6 36.
Rxd6 Kg6 37. Kf2 (37. Nd7 Re8 38. Kh3 Re7 39. Nxc5 $18 {Komodo13}) 37... Bf8
38. Rd7 g4 39. Nd5 Kg5 40. Rf7 gxf3 41. Rxf6 Bg7 42. Rf5+ (42. h4+ Kg4 43. Rg6+
Kh3 44. Rxg7 {Komodo13}) 42... Kg6 43. Kxf3 Rf8 44. g4 (44. Ne7+ Kh7 45. Rxf8
Bxf8 46. Nf5 Kg6 47. h4 Kf6 48. g4 $18 {Komodo13}) 44... hxg4+ 45. Kxg4 Rxf5
46. Ne7+ (46. exf5+ Kf7 47. Nc3) 46... Kf7 47. Nxf5 Bf6 48. Nd6+ {picking up
more pawns} 1-0

[Event "North Wales Congress Major"]
[Site "Llandudno"]
[Date "2019.06.21"]
[Round "1.22"]
[White "Williams, Raymond"]
[Black "Gamble, Raymond J"]
[Result "1/2-1/2"]
[WhiteElo "1607"]
[BlackElo "1852"]
[Annotator "kemen"]
[PlyCount "92"]
[EventDate "2019.??.??"]

{[%evp 0,92,21,21,41,41,46,45,51,50,64,52,43,34,77,77,74,71,75,68,69,64,57,50,
68,75,71,70,64,61,68,77,86,74,66,61,74,74,54,45,35,29,37,32,46,48,56,39,87,82,
74,74,90,80,106,100,104,101,87,64,73,41,38,45,42,40,41,37,46,37,49,31,35,31,41,
32,40,35,38,39,38,40,30,31,40,46,67,65,66,76,99,111,98,74,81]} 1. e4 e6 2. d4
d5 3. Nd2 dxe4 4. Nxe4 Bd7 5. Nf3 Bc6 6. Bd3 Bxe4 (6... Nd7 {main}) 7. Bxe4 c6
{more like a Caro-Kann than a French} 8. O-O Nf6 9. Bd3 Bd6 {main} 10. c3 (10.
c4) 10... Nbd7 11. Re1 Qc7 12. Qe2 (12. Bg5 {main}) 12... Bf4 13. Bxf4 {
Komodo13} (13. Ne5 Bxc1 (13... Bxe5 14. dxe5 Nd5 15. Bd2 {Sokolowski-Schulte
Austum, Muensterland Verbandsliga 2018,1-0}) 14. Raxc1 Nxe5 15. dxe5 Nd5 16. g3
O-O-O {Wafzig-Funk, Hessenliga 1993,1/2-1/2}) 13... Qxf4 14. h3 (14. Ne5 $16)
14... O-O-O (14... O-O {safer}) 15. a4 Qc7 16. Ng5 (16. b4) 16... Nf8 17. Qf3
h6 18. Ne4 Nxe4 19. Qxe4 Nd7 $14 20. b4 Nf6 21. Qf3 Nd5 22. Bc4 (22. b5 $16 {
Komodo13}) 22... Rhe8 23. b5 Nb6 24. Bb3 (24. Bf1 $18 {Komodo13}) 24... Re7 25.
a5 Nd5 26. bxc6 bxc6 (26... Qxc6) 27. Qd3 (27. Reb1 {Komodo13-taking the open
file}) 27... Kd7 28. Ba4 Ke8 {back to the safety of the K side} 29. Qc4 Kf8 30.
Bxc6 Rc8 31. Bxd5 Qxc4 32. Bxc4 Rxc4 33. Ra3 Rb7 $14 34. Kf1 Rb2 35. Re3 (35.
f3) 35... Ke7 36. g3 Kd6 37. Rf3 f6 38. Re3 Rc6 39. Re2 Rb1+ $11 {Wh's extra
pawn is backward & easily blockaded} 40. Kg2 Kd5 41. Kf3 Kc4 42. Ke3 Rb3 (42...
Ra6 43. Rc2 Rb5 44. Rca2 e5 $11 {Komodo13}) 43. Rxb3 Kxb3 44. Kd2 Ka4 45. Kd3
Kxa5 46. Ra2+ (46. c4 {Komodo13-retains good winning chances}) 46... Kb6 $14
1/2-1/2

[Event "North Wales Congress Major"]
[Site "Llandudno"]
[Date "2019.06.21"]
[Round "1.23"]
[White "Benson, Paul J"]
[Black "Rajagopal, Juan"]
[Result "1-0"]
[WhiteElo "1849"]
[BlackElo "1600"]
[Annotator "kemen"]
[PlyCount "89"]
[EventDate "2019.??.??"]

{[%evp 0,89,16,28,79,69,71,55,48,31,49,77,63,36,54,11,29,8,4,14,5,15,6,1,-15,
-9,2,7,-2,-38,-33,-57,-55,-55,-46,-34,-51,-55,28,-49,36,-39,27,-56,27,-74,24,
-38,129,123,142,171,171,181,170,170,190,190,312,248,272,294,312,320,334,192,
236,154,224,237,237,260,256,266,267,267,242,249,204,219,326,290,332,308,319,
320,320,290,320,362,603,627]} 1. e4 c6 2. d4 d5 3. Nc3 dxe4 4. Nxe4 Bf5 5. Ng3
Bg6 6. Nf3 Nd7 7. Bc4 (7. h4 {main}) 7... e6 8. O-O Bd6 9. Re1 Ngf6 10. Qe2 (
10. Ne5 {main}) 10... O-O 11. c3 (11. Ne5) 11... Re8 12. Ne5 Bxe5 13. dxe5 Nd5
14. f4 $146 {Komodo13} (14. Qg4 Qc7 15. f4 Rad8 16. Qf3 Nc5 17. b3 b5 18. Bf1
b4 19. Be3 Qa5 20. c4 Nxe3 21. Qxe3 Rd7 22. Red1 Red8 23. Rd6 Rxd6 24. exd6 Nb7
25. c5 Nxc5 $17 {Budrich-Achatz, GER ch U20 Leipzig 1951,1-0}) (14. Bd2 Qb6 15.
b3 Qc7 16. f4 Red8 17. Ne4 b5 18. Bd3 a6 19. Kh1 N7b6 20. c4 Ne7 21. Ba5 c5 22.
Rad1 Nc6 23. Bxb6 Qxb6 24. Nd6 $11 {Zbirka-Szamos, SVK ch tm 2014, draw agreed}
) 14... Qh4 (14... f6 $11 {Komodo13}) 15. Qf2 (15. Rf1) 15... f6 16. exf6 (16.
Ne4) 16... N7xf6 17. Ne4 Qxf2+ 18. Nxf2 Bf5 19. h3 b5 20. Bf1 Rad8 21. g4 Bg6
22. a4 $16 b4 23. c4 $18 Nb6 24. Be3 Bc2 25. a5 Nc8 26. Bg2 {Bl has 4 weak
seperated pawns} Nd6 27. Bxa7 $18 Nxc4 28. Bxc6 Nd2 (28... Nxb2 $5) 29. Re2 (
29. Be3) 29... Re7 30. Bb6 Rc8 31. Rxd2 (31. Bg2) 31... Rxc6 32. Rd8+ (32. a6
Nd5 33. Rxd5 exd5 34. a7 $18 {Komodo13}) 32... Kf7 33. Rb8 (33. a6) 33... Nd7
34. Rb7 Nxb6 35. Rxb6 Rxb6 36. axb6 Kf6 37. Ra7 (37. g5+ Kf5 38. Ra7 {Komodo13}
) 37... Re8 38. Rc7 b3 39. Kg2 (39. b7) 39... h6 40. Kf3 g5 41. fxg5+ hxg5 42.
b7 Rb8 43. Ne4+ Ke5 44. Nc5 Bd1+ (44... Kd6 45. Rc8) 45. Ke3 1-0

[Event "North Wales Congress Major"]
[Site "Llandudno"]
[Date "2019.06.21"]
[Round "1.24"]
[White "Bush, Ian"]
[Black "Ashcroft, Graham J"]
[Result "1-0"]
[WhiteElo "1578"]
[BlackElo "1823"]
[Annotator "kemen"]
[PlyCount "71"]
[EventDate "2019.??.??"]

{[%evp 0,71,29,11,24,39,39,33,42,19,16,12,23,30,26,28,31,15,16,4,12,18,22,22,
10,13,13,-19,16,12,22,6,18,9,12,19,12,-1,29,30,25,21,44,38,44,41,49,49,56,67,
72,44,49,46,53,57,58,61,120,60,38,25,117,100,133,133,519,513,513,602,903,633,
948,29992]} 1. e4 e6 2. d4 d5 3. Nc3 Bb4 4. e5 c5 5. a3 Bxc3+ 6. bxc3 Ne7 7.
Nf3 (7. Qg4 {main}) 7... Bd7 (7... Nbc6) 8. a4 Qa5 9. Bd2 Nbc6 (9... Bxa4 $2
10. c4 $18) 10. Be2 Rc8 (10... f6) (10... c4 {main lines}) 11. O-O O-O 12. c4 (
12. Bd3 {2-0}) 12... Qc7 13. cxd5 exd5 (13... Nxd5 14. c3 cxd4 15. cxd4 h6 16.
Qb3 Na5 17. Qd3 Nc4 18. Rfc1 b5 19. Bd1 f5 20. exf6 Rxf6 21. Bc2 (21. axb5 Bxb5
22. Ne5 $18 {Komodo13}) 21... Kf7 22. axb5 Bxb5 23. Ne5+ (23. Bb3) 23... Nxe5
24. Qxb5 Nc6 25. Be4 {Schirmer-Niebling, Hessen ch Seniors, Bad Sooden 2012,1-0
}) 14. c3 (14. dxc5 $14) 14... Bg4 (14... Bf5 $11) (14... Na5 $11) 15. Rc1 c4
16. h3 Bd7 17. Nh4 Na5 18. Bg5 Ng6 19. Nxg6 hxg6 20. Be7 Rfe8 21. Bd6 Qb6 22.
Ra1 (22. Bg4 $14 {Komodo13; the position has been very balanced for the last
few moves}) 22... Nb3 23. Ra2 Qa6 24. Bf3 $16 (24. Bg4 f5 25. Bf3 Be6 26. Qc2
$16 {Komodo13}) 24... Be6 25. h4 b6 (25... Qa5 $11) 26. h5 gxh5 27. Bxh5 Qb7
28. f4 $16 Qd7 (28... Bf5 29. Bg4 Qd7 30. Bxf5 Qxf5 31. Qf3 $16 {Komodo13- the
d5 pawn drops}) 29. Raf2 (29. f5 Bxf5 30. Rxf5 Qxf5 31. Rf2 $18 {Komodo13}) (
29. g4 g6 30. f5 gxh5 31. Qf3 f6 32. fxe6 Rxe6 33. gxh5 $18 {Komodo13}) (29.
Qf3 Bf5 30. Qxd5 $18 {Komodo13}) 29... Bf5 30. Bf3 Bd3 (30... Qc6 31. g4 Bd3
32. Rh2 (32. Re1 Qxa4 33. f5 $18) 32... Bxf1 33. Qxf1 Re6 34. g5 $18 {Komodo13}
) 31. Bxd5 $18 {the Bl pieces are unable to support their K} (31. f5 $18) (31.
Re1 $18) 31... Bxf1 32. Rxf1 (32. f5 $18) (32. Qh5 $18) 32... Qxa4 (32... Qf5
33. g4 Qd3 34. Qxd3 cxd3 35. Bxb3 Rxc3 36. Bd5 $18) 33. Qh5 (33. f5 {Komodo13 ,
is even stronger}) 33... Qd7 34. f5 Rc7 35. f6 Re6 36. Qg5 (36. Be4 g6 37. Qh6
Rxf6 38. exf6 Qxd6 39. Qg7#) (36. Qg5 Rxf6 37. exf6 g6 38. Qxg6+ Kh8 39. Qg7#)
1-0

[Event "North Wales Congress Major"]
[Site "Llandudno"]
[Date "2019.06.21"]
[Round "1.25"]
[White "Cawston, M John"]
[Black "Szwajkun, Richard"]
[Result "1/2-1/2"]
[WhiteElo "1813"]
[BlackElo "1574"]
[Annotator "kemen"]
[PlyCount "92"]
[EventDate "2019.??.??"]

{[%evp 0,92,29,29,40,48,48,15,63,61,73,61,98,25,82,82,66,65,71,62,66,62,70,61,
51,56,61,61,79,75,84,66,82,39,53,48,48,1,0,10,23,-5,46,48,49,40,47,47,27,28,22,
23,25,4,8,10,11,15,16,2,4,-2,11,15,7,-8,-8,0,-3,0,0,0,0,0,0,0,0,0,0,0,0,0,0,0,
0,0,0,0,0,0,0,0,0,0,0]} 1. e4 d5 2. exd5 Qxd5 3. d4 Nf6 4. Nc3 Qa5 5. Nf3 Bg4 (
5... c6) (5... Bf5) 6. Be2 (6. h3) 6... c6 (6... Nc6 7. O-O O-O-O 8. Be3 e5 {
main}) 7. O-O e6 8. h3 (8. Ne5) 8... Bxf3 (8... Bh5) 9. Bxf3 Nbd7 10. Bf4 Be7
11. Qe2 $146 {at this point, there are transpositions later; one of Komodo13's
considerations} (11. a3 {main}) (11. Qd2) (11. Qd3) 11... O-O 12. a3 (12. Rad1
Nd5 13. Nxd5 cxd5 14. a3 Rac8 15. c3 a6 16. g4 Qd8 $11 {Ivanka-Bilunova, match
HUN -URS 1969,1-0}) 12... Rfe8 (12... Nd5 13. Nxd5 cxd5 14. b4 (14. c4 dxc4 15.
Bxb7 Rad8 16. Qxc4 Nb6 17. Qc3 Qf5 18. Be5 f6 19. Bg3 Rd7 20. Bf3 Rfd8 21. Rad1
Na4 22. Qb3 Rxd4 23. Rxd4 Rxd4 24. Bg4 $18 {Czeke-Szamos,HUN ch tm 2001,1-0})
14... Qd8 15. c4 Nb6 16. c5 Nc4 17. Qa2 Bf6 18. Rad1 Rc8 19. b5 (19. a4 $16)
19... Be7 20. Be2 b6 21. Bxc4 dxc4 22. Qxc4 $16 {Mezioud-Mohammed Qane, Arab
ch tm women 2019,1-0}) 13. Rfe1 Nd5 14. Nxd5 exd5 15. Qd3 Bf8 16. Bd2 (16. c3
$14) 16... Qb6 17. b4 Qc7 18. Re2 Rxe2 19. Qxe2 $11 g6 20. Re1 Nf6 21. Qd3 Bg7
22. c3 {with a completely balanced pawn structurethere is little either player
can make much of.} Qd6 23. g3 Qd7 24. Kg2 Re8 25. Rxe8+ Qxe8 26. Qe2 Qxe2 27.
Bxe2 Ne4 {although Wh has 2 Bs, the rigid pawn structure stops their
effectiveness} 28. Be1 Bh6 29. f3 Nd6 30. Bd3 b5 31. f4 f5 32. Kf3 Ne4 {the N
is superior to the QB} 33. Bc2 Kf7 34. a4 a6 35. a5 Bf8 36. g4 h5 37. gxh5 gxh5
38. Bd1 Kg6 39. Ke3 Bd6 40. Bf3 Bc7 41. Bg2 Bb8 42. Kf3 Bc7 43. Ke3 Bd6 44. Bf3
Kh6 45. Be2 Kg6 46. Bd3 Bc7 1/2-1/2

[Event "North Wales Congress Major"]
[Site "Llandudno"]
[Date "2019.06.21"]
[Round "1.26"]
[White "Jones, Dewi"]
[Black "Dean, Robert A"]
[Result "1/2-1/2"]
[WhiteElo "1532"]
[BlackElo "1807"]
[Annotator "kemen"]
[PlyCount "43"]
[EventDate "2019.??.??"]

{[%evp 0,43,32,22,51,39,33,22,24,24,61,55,93,55,69,41,75,29,2,-3,28,-28,-44,
-43,1,-20,8,14,8,18,18,35,16,13,17,-37,-17,-18,-13,-42,-13,-16,-3,-32,-3,-34]} 
1. e4 e6 2. d4 d5 3. exd5 exd5 {the Exchange var of the French is notoriously
drawish, with its symmetrical pawn structure} 4. Nf3 (4. Bd3) 4... Bg4 (4...
Bd6) (4... Nf6) 5. h3 (5. Be2) 5... Bh5 6. Bd3 Nc6 7. g4 (7. c3) 7... Bg6 8.
Bxg6 hxg6 9. Qe2+ {Komodo13} (9. Nc3 Nf6 10. Bg5 Be7 11. Qe2 O-O 12. O-O-O Ne4
13. Bd2 Nxc3 14. Bxc3 Re8 15. Qb5 Qd6 {Carmeille-Di Paolo, FRA ch tm 2004,1/
2-1/2}) 9... Be7 10. Be3 Nf6 11. Ne5 Nxe5 (11... O-O $15 {better development &
Wh pawn weaknesses a little greater than Bl's}) 12. dxe5 Ne4 $11 (12... Nd7 $11
) 13. Nd2 Nxd2 14. Qxd2 c6 (14... c5 $5) 15. O-O-O Qc7 16. Qc3 O-O-O $11 17.
Bc5 Bxc5 18. Qxc5 b6 (18... Kb8 $15 {very slight, The Wh pawn on h3 needs
defending}) 19. Qc3 c5 20. f4 d4 21. Qf3 Kb8 22. Qe4 $11 1/2-1/2

[Event "North Wales Congress Major"]
[Site "Llandudno"]
[Date "2019.06.21"]
[Round "1.27"]
[White "Williamson, Graham A"]
[Black "Lloyd, Stephen M"]
[Result "1/2-1/2"]
[WhiteElo "1789"]
[BlackElo "1526"]
[Annotator "kemen"]
[PlyCount "33"]
[EventDate "2019.??.??"]

{[%evp 0,33,19,31,14,23,52,36,52,-4,29,28,33,-4,20,140,143,82,93,152,152,152,
152,152,208,106,211,221,236,54,110,106,110,103,103,117]} 1. d4 Nf6 2. Bf4 g6 3.
e3 Bg7 4. c3 d6 5. Nf3 Nbd7 (5... O-O) 6. Bc4 b6 $6 {risky} (6... O-O) (6... e6
) 7. Bxf7+ Kxf7 8. Ng5+ Kg8 9. Ne6 (9. Qb3+ d5 10. Ne6 Nc5 11. Nxd8 Nxb3 12.
axb3 c5 13. Nc6 Bd7 14. Ne5 $16 {Komodo13}) 9... Qe8 10. Nxc7 Qf7 11. Nxa8 Nd5
(11... Ne8 {prevents the N from immediate escape} 12. Qa4 Qd5 13. Qxa7 Qxg2 14.
Rf1 Qb7 15. Qxb7 Bxb7 16. Nxb6 Nxb6 17. a4 $16 {Komodo13}) 12. Bg3 $18 Bb7 (
12... h5 $5 13. h4) 13. Qa4 Qe6 14. O-O {the threat to take on e3 is not that
dangerous for Wh, though it takes a bit of calculation (& courage)} (14. Qxa7
$1 {Komodo13} Bc6 (14... Nxe3 15. Qxb7 $1 {Komodo13} (15. fxe3 Bxg2 16. Bf4
Bxh1 17. Nxb6 Nxb6 18. Qxb6 h6 19. Nd2 (19. h4 g5 20. hxg5 hxg5 21. Bxg5 Be4
$19) 19... g5 20. O-O-O gxf4 21. Rxh1 fxe3 22. Nb3 Qe4 23. Rf1 Kh7 $11 {
Komodo13}) 15... Nc2+ 16. Kd1 Nxa1 17. Re1 Qxa2 18. Nd2 Qa4+ 19. b3 Nxb3 20.
Qd5+ Kf8 21. Nxb3 Nf6 22. Qe6 Qd7 23. Qxd7 Nxd7 24. Bh4 Bf6 25. Bxf6 exf6 26.
Nc7 $18 {Komodo13- a rather longish piece of calculation}) 15. Nc7 Nxc7 16.
Qxc7 Bxg2 17. Rg1 Bh3 18. Nd2 Bh6 19. Qc4 (19. Bh4 Bxe3 20. O-O-O $18 {also
fine for Wh}) 19... d5 20. Qe2 Kf7 21. a4 $18 {Komodo13}) 14... Nxe3 15. Re1
Qe4 16. f3 Qc2 17. Qb3+ $18 {draw agreed. According to Komodo13 Wh is winning,
but the consequences are very difficult to calculate acwith accuracy} (17. Qb3+
Bd5 18. Qxc2 Nxc2 19. Rxe7 Bxa8 20. Rxd7 Nxa1 21. Rxd6 {Bl's problem is that
the N on a1 cannot get out to safety & in the meantime Wh has 3 pawns for it
anyway} Nc2 (21... h5 22. Na3 g5 23. Be5 $18) 22. Rd8+ Kf7 23. Rd7+ Kf8 24. Kf2
(24. Rxa7 Bd5 25. Nd2 Ne3 26. Ne4 Nf5 27. Bf4 {Wh has too many pawns & the Bl
pieces fail to co-ordinate.}) 24... Bd5 (24... Rg8 25. Rxa7 Bc6 26. Nd2 Bh6 27.
Nc4 Rg7 28. Ra6 Rb7 29. Nd6 Re7 30. Rxb6 Re1 31. Bh4 Be8 32. Rb8 Bf4 33. Rxe8+
Rxe8 34. Nxe8 Kxe8 35. Ke2 Ne3 36. g3 Bh6 37. f4 {and again Wh has too many
pawns while the Bl pieces are not particularly active})) (17. Qxc2 Nxc2 18.
Rxe7 {leads to similar play} Bc6 (18... Bxa8 19. Rxd7 {as above}) 19. Nc7 Nxa1
20. d5 Ba4 21. b3 Bf6 22. Re8+ Kf7 23. Rxh8 Bxh8 24. bxa4 Nc5 25. Nb5 $18 {
level pices , but again Wh has the pawns}) 1/2-1/2

[Event "North Wales Congress Major"]
[Site "Llandudno"]
[Date "2019.06.21"]
[Round "1.28"]
[White "Lee, Michael A"]
[Black "Holland, Ray J"]
[Result "0-1"]
[WhiteElo "1472"]
[BlackElo "1766"]
[Annotator "kemen"]
[PlyCount "138"]
[EventDate "2019.??.??"]

{[%evp 0,84,31,40,43,41,41,17,10,-13,1,9,12,3,43,0,14,25,14,7,89,92,104,102,98,
60,87,32,27,48,40,39,37,43,73,40,40,29,39,32,37,38,53,52,96,115,123,118,127,
117,110,126,109,84,83,76,84,78,81,81,84,72,90,84,90,74,79,93,96,96,90,81,109,
81,90,67,81,90,90,119,114,118,118,161,176,98,734]} 1. e4 e6 2. d4 d5 3. e5 c5
4. c3 Qb6 5. Nf3 Nc6 6. a3 c4 7. Be2 (7. g3 {alternative setup}) 7... Na5 8.
Nbd2 Bd7 9. Rb1 (9. O-O {main}) 9... Nb3 (9... Ne7 10. b4 cxb3 11. Nxb3 Ba4 12.
Nxa5 Bxd1 13. Rxb6 axb6 14. Bb5+ Kd8 15. Nxb7+ Kc7 16. Kxd1 Kxb7 17. Ng5 {70%
for Wh; one complex variant}) 10. Nxb3 cxb3 $146 (10... Ba4 {only move played
here} 11. Nfd2 Ne7 12. O-O Nc6 13. Qe1 Bxb3 (13... cxb3 14. Bd3 Bb5 {2 Bl wins}
) 14. Nxb3 Qxb3 {1 win each, 5 draws} (14... cxb3 {6 Wh wins, 1 draw})) 11. O-O
$16 Ne7 12. Nh4 (12. c4 {Fritz15 & Komodo13}) 12... Nc6 (12... Bb5 $14 {both
Engines, gets rid of Bl's problem French B}) 13. f4 Be7 (13... g6 {holds up f5}
) 14. Nf3 Na5 $11 15. Be3 Rc8 (15... Bb5 $11 {both Engines}) 16. Nd2 Bb5 17.
Rf2 (17. f5 $16 {Komodo13}) (17. Bxb5+ Qxb5 18. f5 {Fritz15, slight plus Wh
Komodo13}) 17... g6 18. Qf1 Bc4 (18... Bxe2) 19. Nxc4 Nxc4 20. Bxc4 Rxc4 21. g4
$16 Rc6 22. f5 Qa6 23. fxg6 fxg6 24. Bh6 Qxf1+ 25. Rbxf1 a5 26. a4 {leads to
an inbalance on the Q side} (26. Rf7 a4 27. Bg7 Rg8 28. Bh6 Rh8 29. h4 $16 {
Komodo13}) 26... Rc4 27. Ra1 Rc6 (27... g5 28. Bg7 Rg8 29. Bf6 Rf8 $11 {Fritz15
}) (27... Rg8 28. g5 Rc8 $14 {Komodo13}) 28. Bg7 Rg8 29. Bf6 Rf8 30. g5 (30.
Bxe7 Kxe7 31. Rxf8 Kxf8 32. Kf2 Kf7 33. Ra3 Rb6 34. h4 h6 35. Ke2 Ke8 36. Kd3
g5 37. h5 Ke7 {looks deadlocked because after} 38. c4 Rb4 $1 {the Wh K is
still denied entry}) 30... Kd7 31. Kf1 Rf7 32. Ke2 Bf8 33. Kd3 Ke8 34. h4 b6 {
takes a square away from the R} (34... Kd7 {avoids pawn moves that cannot be
retracted}) 35. Ke3 (35. h5 $14) 35... Rc4 36. Kf4 Rcc7 {(draw?)} 37. Kg4 Rc4
38. h5 Rcc7 39. hxg6 hxg6 40. Rh2 Rc4 (40... Rh7 $11 {both Engines}) 41. Rh8 (
41. Rh6 $18 {both engines} Rcc7 (41... Bxh6 42. gxh6 Rh7 43. Kg5 Kf7 44. Rf1
$18) 42. Rxg6 Rh7 43. Rf1 $18) 41... Rcc7 42. Ra3 (42. Rah1 $18 {Komodo13} Rc4
43. Rg8 Rxa4 44. Rxg6 Ra2 45. Rg8 (45. Rh2 a4 $19) 45... Rxb2 46. g6 Rg2+ 47.
Kf4 Rxg6 48. Rxg6 a4 49. c4 b2 50. cxd5 exd5 51. Rg2 a3 52. Rc2 Kd7 53. Kf5 $18
{another tricky calculation}) 42... Rh7 43. Rxb3 (43. Rxh7 {both Engines} Rxh7
44. Rxb3 Rb7 45. Kf4 $16) 43... Rxh8 44. Bxh8 Rc6 {Fritz15 =; Komodo13,
definite plus for Wh} 45. Bf6 {wasting a precious tempo} (45. Kf3 Kd7 46. Ke2
Kc8 47. Rb5 Kb7 48. Kd3 Rc4 49. b3 $16 {Komodo13}) 45... Kd7 $11 46. Kf3 (46.
c4 Rxc4 47. Rxb6 Rxd4+ 48. Kf3 Rd3+ 49. Kf4 Bb4 50. Rb8 $11 {Komodo13}) 46...
Kc7 $17 47. Ke3 Rc4 $19 48. Rb5 (48. Bd8+ $5 Kxd8 49. Rxb6 Kd7 50. Kd3 Rxa4 $19
{both Engines}) 48... Rxa4 49. b3 Ra3 50. Kd3 Kc6 51. c4 (51. Rxd5 {Wh's best
according to Komodo13!}) 51... a4 (51... dxc4+ $1 52. Kxc4 Ra1 53. d5+ exd5+
54. Rxd5 Rc1+ 55. Kd4 Rd1+ 56. Kc4 Rxd5 $19 {Komodo13}) 52. Kc2 axb3+ 53. Rxb3
dxc4 {the connected passed pawns must win} 54. Rb1 Rd3 (54... Ra2+ 55. Kc3 b5 {
Komodo13}) 55. Bd8 b5 56. Ra1 Rxd4 (56... Ba3) 57. Ra6+ Kd5 58. Bc7 b4 59. Ra5+
Ke4 60. Ra8 Be7 (60... b3+ 61. Kc3 Bb4+ 62. Kxb4 b2 {Komodo13}) (60... Bc5) 61.
Rg8 Bxg5 62. Rxg6 Rd2+ (62... b3+) 63. Kc1 Bf4 64. Rg4 Rd7+ (64... c3) (64...
Rg2+) 65. Rxf4+ Kxf4 66. Bd6 Rb7 67. Kb2 Ke4 68. Kc2 Ke3 69. Kb2 Kd3 0-1

[Event "North Wales Congress Major"]
[Site "Llandudno"]
[Date "2019.06.21"]
[Round "1.29"]
[White "Williams, Duncan"]
[Black "Wells, Barrie"]
[Result "1-0"]
[WhiteElo "1750"]
[BlackElo "1281"]
[Annotator "kemen"]
[PlyCount "63"]
[EventDate "2019.??.??"]

{[%evp 0,63,18,18,65,79,77,20,69,16,13,15,54,55,33,-5,36,40,61,63,92,37,13,33,
139,91,102,83,91,137,130,100,127,118,98,106,133,131,99,95,101,78,52,58,60,62,
79,56,53,63,62,30,41,31,105,129,112,71,355,398,1919,2593,29995,29996,29997,
29998]} 1. e4 d6 2. d4 Nf6 3. Bd3 g6 (3... e5) 4. f4 (4. Nf3 {main}) 4... Bg7
5. Nf3 a6 (5... O-O) (5... c5 {main lines}) 6. O-O O-O 7. Qe2 (7. c3 {main})
7... c5 (7... b5 8. e5 Nd5 9. a4 b4 10. c4 bxc3 11. Nxc3 Nb4 12. Bb1 a5 13. Qe4
d5 14. Qe3 N8a6 {Zimmermann-Winkler, Stuttgart ch , Ditzingen 2016,1/2-1/2}) 8.
dxc5 dxc5 9. e5 Nd5 10. c4 Nb4 11. Be4 $16 Ra7 (11... f5 $5) 12. Be3 (12. Rd1
Qe8 13. a3 N4c6 14. Nc3 $18 {Komodo13- Bl suffers from a lack of space}) 12...
b6 13. Rd1 Rd7 14. Nc3 $16 e6 15. h4 N4c6 16. Rxd7 Qxd7 17. Rd1 Qc7 18. h5 Rd8
19. hxg6 hxg6 20. Ng5 Bh6 21. Qg4 Rxd1+ 22. Nxd1 Bxg5 23. Qxg5 Qd8 24. Qg4 (24.
Qxd8+ Nxd8 25. Nc3 $14) 24... Ne7 (24... Nd4) 25. Bf2 Nbc6 26. Bh4 Nd4 27. Bf6
$18 Ndf5 28. Nf2 (28. Nc3 Qd4+ 29. Kh2 Qe3 30. Qh3 Qxh3+ 31. Kxh3 Kf8 (31...
Bd7 32. g4) 32. Na4 Bd7 33. Nxb6 $18 {Komodo13}) 28... Kf8 (28... Qd2 29. Qd1
Qxd1+ 30. Nxd1 Kf8 $16 {Komodo13}) 29. Qh3 Qd7 30. Bxf5 exf5 31. Qh8+ Ng8 32.
Qg7+ 1-0